000 01668cam a22004213a 4500
001 13717550
003 PILC
005 20160115104204.0
008 020919s2002 nyu j 000 1 eng d
010 _a 2002100920
020 _a0743442415
035 _a(OCoLC)ocm50630406
040 _aZAB
_cZAB
_dOCLCQ
_dDLC
042 _alccopycat
050 _aPZ 7
_b.W295s45 2002
082 _aFIC#
_bSAB #45
100 1 _aWarriner, Mercer.
_919139
245 1 0 _aHounded by baskervilles
_cMercer Warriner
250 _a1st Simon Pulse ed.
260 _aNew York :
_bSimon Pulse,
_cc2002.
300 _a133 p. ;
_c18 cm.
440 _aSabrina, the teenage witch
_n#45
_919140
500 _a"Based upon the characters in Archie comics ; And based upon the television series 'Sabrina, the teenage witch' ; created for television by Nell Scovell ; developed for television by Jonathan Schmock.
500 _aTV tie-in.
650 0 _aWitches
_vFiction.
_919141
650 0 _aSabrina the Teenage Witch (Fictitious character)
_vFiction.
_919142
655 7 _aFantasy fiction.
_2gsafd
_93053
655 7 _aYoung adult fiction.
_2lcsh
_93735
655 7 _aRadio and television novels.
_2gsafd
_93967
710 2 _aCopyright Paperback Collection (Library of Congress)
_5DLC
_9705
730 0 _aSabrina, the teenage witch (Television program)
_96624
830 0 _aSabrina, the teenage witch (Young adult series) ;
_v45.
_919143
856 4 2 _3Publisher description
_uhttp://www.loc.gov/catdir/description/simon052/2002100920.html
906 _a7
_bcbc
_ccopycat
_d2
_encip
_f20
_gy-genrareb
942 _2lcc
_cBK
999 _c11156
_d11156